000 00753nam a2200313Ia 4500
003 OSt
005 20220912144544.0
006 a|||||r|||| 00| 0
007 ta
008 220909b |||||||| |||| 00| 0 eng d
020 _a812190465X (pbk)
020 _aSL00859677
024 _a188859
037 _cTextual
040 _aCSL
_beng
_cCSL
041 _aeng
082 _aC, N9
100 _aArora C L
245 0 _aB.Sc. physics
260 _aNew Delhi
_b S Chand
_c1999
300 _avii, 416p.
650 _a Electricity and magnetism
650 _a Heat and thermodynamics
650 _aMechanics
700 _aArora C L
942 _hC, N9
_cTEXL
_2CC
999 _c11880
_d11880